01009nam a2200229Ia 4500003000900000008004100009020001800050040001600068080002400084111008400108245020800192260005000400300001400450490003900464650001300503650002200516700002800538710004400566942000700610999001700617952014500634IN-BaIIA211028s9999 xx 000 0 eng d a0-7354-0201-9 cIIA Library a524.354(082.2)bNEU aWorkshop on Neutrino Factories and Superbeamsn5thcUSAd2003 June 5 -11929402 0aNeutrino factories and superbeamsb5th International workshop on neutrino factories and superbeams held in New York, USA, 5 - 11 June 2003cedited by Adam Para  aMelvillebAmerican Institute of Physicsc2004 axi, 485p. aAIP conference proceedings; v. 721 aNeutrino aSuperbeams929403 aPara, Adam., ed.929404 aAmerican Institute of Physics 92416 cBK c15930d15930 00104070aBANbBANcGENd2005-07-19eEDS g11552.25l0o524.354(082.2)/ NEUp16852r2021-11-05v11552.25w2005-07-19yBKGRs. 11552.25